| 000 | 00417nam a2200121Ia 4500 | ||
|---|---|---|---|
| 008 | 171212s9999 xx 000 0 und d | ||
| 020 | _a9781925261301 | ||
| 100 | _aStephens, Dale;Babie, Paul | ||
| 245 |
_cStephens, Dale;Babie, Paul _aImagining Law _bEssays in Conversation with Judith Gardam |
||
| 260 |
_bUniversity of Adelaide Press _c2016 |
||
| 650 | _aLaw | ||
| 856 | _uhttp://jstor.org/stable/10.20851/j.ctt1sq5x0z | ||
| 999 |
_c352928 _d352928 |
||